| 000 | 00546nam a2200229Ia 4500 | ||
|---|---|---|---|
| 003 | 0100 | ||
| 008 | 130303s9999 xx 000 0 und d | ||
| 020 | _a0869222635 | ||
| 040 | _cARRUPELIB | ||
| 050 | _aPR9390.9.N93O4 1983 | ||
| 100 | _aNyika, Oliver P | ||
| 245 | _aOld Mapicha and other stories | ||
| 260 | _aGweru | ||
| 260 | _bMambo Press | ||
| 260 | _C1983 | ||
| 300 | _a102p. | ||
| 300 | _b 18cm | ||
| 440 | _aMambo Writers Series no. 13 | ||
| 650 | _bSocial sciences--Philosophy | ||
| 650 | _cEnlightenment | ||
| 942 | 0 | 0 | _01 |
| 999 |
_c24617 _d24617 |
||